[Event "BEL-ch U16"]
[Site "Blankenberge"]
[Date "2015.04.13"]
[Round "2"]
[White "Meulenyzer, Alan"]
[Black "Condes Alexie, Sheen"]
[Result "1-0"]
[WhiteElo "1457"]
[BlackElo "991"]
[PlyCount "67"]
[EventDate "2015.04.12"]
[EventType "swiss"]
[EventRounds "9"]
[EventCountry "BEL"]
[SourceTitle "CBM 166 Extra"]
[Source "ChessBase"]
[SourceDate "2015.06.18"]
[SourceVersion "1"]
[SourceVersionDate "2015.06.18"]
[SourceQuality "1"]

1. e3 e5 2. b3 Nc6 3. Bb2 Bc5 4. Bc4 Nf6 5. Nf3 d6 6. 0-0 Be6 7. Bxe6 fxe6 8. Re1 0-0 9. d4 Bb6 10. dxe5 dxe5 11. Nxe5 Nxe5 12. Bxe5 Qxd1 13. Rxd1 Rad8 14. Nd2 Ng4 15. Bg3 Bc5 16. Ne4 Bb4 17. Bxc7 Rc8 18. Bg3 Rxc2 19. Rd7 Bc3 20. Nxc3 Rxc3 21. Rxb7 Rc2 22. f3 Nxe3 23. Bf2 Ng4 24. Bxa7 Ne5 25. b4 Rf5 26. a4 Rg5 27. Rd1 Nxf3+ 28. Kh1 h6 29. gxf3 Rgg2 30. Bb8 Rgf2 31. Be5 Rc8 32. Rxg7+ Kf8 33. Rh7 Kg8 34. Rh8+ 1-0